|
|
|
|
| LEADER |
00000nab a2200000 4500 |
| 001 |
vtls012145365 |
| 003 |
SK-MaSNL |
| 005 |
20260318140518.0 |
| 008 |
220803|2022 xo |||| || ||00 0|hun |
| 015 |
|
|
|a SNBRB2022/08
|
| 040 |
|
|
|a DSZK
|b slo
|c DSZK
|e rda
|
| 041 |
|
|
|a hun
|
| 043 |
|
|
|a e-xo---
|
| 044 |
|
|
|a xo
|c SK
|
| 072 |
|
7 |
|a 821.511.1
|x Ugrofínske literatúry
|2 konspekt
|
| 080 |
|
|
|a 821.511.141-1
|2 2011
|
| 100 |
1 |
|
|a Jakubecz, Márta,
|d 1962-
|4 aut
|9 306255
|
| 245 |
1 |
0 |
|a Gyermeki lázadás
|c Jakubecz Márta,; foto: Németh István
|
| 300 |
|
|
|b Fotografie
|
| 336 |
|
|
|a text
|b txt
|2 rdacontent
|
| 337 |
|
|
|a bez média
|b n
|2 rdamedia
|
| 338 |
|
|
|a zväzok
|b nc
|2 rdacarrier
|
| 600 |
1 |
7 |
|a Kovács, Barnabás,
|d 1974-
|t A nagy szökés
|2 dszk
|9 1111822
|
| 650 |
0 |
7 |
|a maďarská literatúra
|2 SNKPH
|9 1193
|
| 655 |
|
7 |
|a rozprávky
|2 SNKPH
|9 70597
|
| 655 |
|
7 |
|a recenzie
|2 SNKPH
|9 21907
|
| 700 |
1 |
|
|a Németh, István
|4 pht
|9 6915
|
| 700 |
1 |
|
|a Török, Bianka,
|d 1991-
|4 ill
|9 197381
|
| 773 |
0 |
|
|t Magyar7
|g Évf. V, sz. 28 (2022),
|x 2585-9129
|
| 773 |
0 |
8 |
|i Príloha:
|t Előretolt Helyőrség
|g Évf. III, sz. 7 (2022), o. 8
|
| 787 |
0 |
8 |
|i Recenzia:
|a Kovács, Barnabás,
|t A nagy szökés
|d Budapešť: Pitypang Kiadó, 2022
|
| 958 |
|
|
|a SK
|
| 958 |
|
|
|a HU
|
| 958 |
|
|
|a DB
|
| 999 |
|
|
|c 1834539
|d 1836469
|